On sociology : numbers, narratives, and the integration of research and theory

Αποθηκεύτηκε σε:
Λεπτομέρειες βιβλιογραφικής εγγραφής
Κύριος συγγραφέας: Goldthorpe, John H.
Μορφή: Βιβλίο
Γλώσσα:English
Δημοσίευση: Oxford : Oxford University Press, 2000
Θέματα:
Ετικέτες: Προσθήκη ετικέτας
Δεν υπάρχουν, Καταχωρήστε ετικέτα πρώτοι!

MARC

LEADER 00000nam a2200000 i 4500
001 1/30858
008 030120s2000 eng d
020 |a 0-19-829572-3 
035 |l 10069055 
040 |a GR-MY-UA  |b gre  |e aacr 
041 0 |a eng 
082 0 |a 301 
100 1 |a Goldthorpe, John H. 
245 1 0 |a On sociology :  |b numbers, narratives, and the integration of research and theory /  |c John H. Goldthorpe 
260 |a Oxford :   |b Oxford University Press,   |c 2000 
300 |a 337 p. 
650 0 0 |a Sociology. 
650 0 0 |a Sociology  |x Philosophy. 
650 0 0 |a Sociology  |x Research. 
650 0 0 |a Social action. 
650 0 0 |a Social classes. 
852 |a INST  |b RHODES  |e 20030120  |h 301 GOL  |p 005400015908  |q 005400015908  |t BK  |y 0 
901 |a BIBL4-2003-1 
909 |a Ρ  |b 103058 
922 |a 4ΕΛΗ  |b 200211  |c ΕΠΕΑΕΚ2/ΤΕΠΑΕΣ  |d ΠΑΠΑΣΩΤΗΡΙΟΥ & ΕΛΕΥΘΕΡΟΥΔΑΚΗΣ 
950 |a 096-2002-10-08 
970 |a ΚΟΥΛΑΚΙΟΤΗ  |b ΛΙΤΣΑ  |z 2003/01/20